000 00568nam a2200181Ia 4500
999 _c21529
_d21529
003 OSt
005 20200625095005.0
008 190216s9999||||xx |||||||||||||| ||und||
020 _a9780195648546
040 _coclc
082 _a954.035092
_bBOS/E
100 _aBose, Sisir K
_93215
245 4 _aThe Essential Writings Of Netaji Subhas Chandra Bose /
_cSisir K. Bose ; Sugata Bose
260 _bOxford India Paperback,
_c2011.
_aNew Delhi:
300 _a338p
650 _aHistory
942 _cBK
_2ddc
_h954.035092
_iBOS/E
_k954.035092
_mBOS/E